| 000 | 00930nam a2200277Ia 4500 | ||
|---|---|---|---|
| 005 | 20220316235235.0 | ||
| 008 | 121119s2001 mx a gr 000 j spa | ||
| 020 | _a9681644956 | ||
| 041 | 1 | _aspa | |
| 100 | 1 | _aWalsh, Ellen Stoll, | |
| 245 | 1 | 0 |
_aGansa tonta _cEllen Stoll Walsh ; traducción, Ernestina Loyo |
| 250 | _aCuarta reimpresión | ||
| 264 | 1 |
_aMéxico _bFondo de Cultura Económica _c2001 |
|
| 300 |
_a32 páginas _bilustraciones _c21 cm. |
||
| 336 |
_atexto _btxt _2rdacontent |
||
| 337 |
_asin mediación _bn _2rdamedia |
||
| 338 |
_avolumen _bnc _2rdacarrier |
||
| 490 | 0 | _aLos especiales de a la orilla del viento | |
| 650 | 1 | 4 |
_2LEMB _aLibros ilustrados para niños |
| 650 | 1 | 4 |
_2LEMB _aLiteratura infantil estadounidense |
| 650 | 1 | 4 |
_2LEMB _aCuentos infantiles estadounidenses |
| 700 | 1 |
_aLoyo, Ernestina _etraductor _912487 |
|
| 942 |
_2loc _cBKLIT |
||
| 040 |
_aCO-BoRNBP _bspa _erda _cCO-BoRNBP |
||
| 084 | _aA WAL1 | ||
| 999 |
_c334 _d334 |
||